Podnikanie fyzických osôb v SR z hľadiska daňových a odvodových povinností bakalárska práca

Gespeichert in:
Bibliographische Detailangaben
1. Verfasser: Kušpálová, Kornélia Rút
Körperschaft: Fakulta podnikového manažmentu EU. Katedra podnikových financií
Weitere Verfasser: Ďurinová, Ivona, 1964-
Format: Buch
Sprache:Slowakisch
Veröffentlicht: Bratislava 2023
Tags: Tag hinzufügen
Keine Tags, Fügen Sie das erste Tag hinzu!

MARC

LEADER 00000nbm a2200000 4500
001 0293385
005 20240307085920.5
041 0 |a slo 
044 |a SK 
245 1 0 |a Podnikanie fyzických osôb v SR z hľadiska daňových a odvodových povinností  |b bakalárska práca  |c Kornélia Rút Kušpálová ; školiteľ: Ivona Ďurinová 
264 1 |a Bratislava  |c 2023 
300 |a 74 s. 
100 1 |a Kušpálová, Kornélia Rút 
700 1 |a Ďurinová, Ivona, 1964- 
710 2 |a Fakulta podnikového manažmentu EU. Katedra podnikových financií